| 000 | 00870nam a22002777a 4500 | ||
|---|---|---|---|
| 001 | 756 | ||
| 005 | 20230706090851.0 | ||
| 008 | 230706b cb ||||| |||| 00| 0 eng d | ||
| 020 | _a0516020412 | ||
| 040 |
_aDLC _cDLC _dDLC _beng |
||
| 050 | 0 | 0 |
_aPZ7.M4347 _bIad 1983 |
| 082 | 0 | 0 |
_a[E] _219 |
| 100 | 1 | _aMatthias, Catherine. | |
| 245 | 1 | 0 |
_aI love cats / _cby Catherine Matthias ; illustrations by Tom Dunnington. |
| 260 |
_aChicago : _bChildrens Press, _c1983. |
||
| 300 |
_a29 pages : _bcolor illustrations ; _c19 cm. |
||
| 490 | _aA Rookie reader | ||
| 505 | _aG | ||
| 520 | _aOther animals may be very nice, but cats are the best ones to love. | ||
| 521 |
_a420
_bLexile |
||
| 521 |
_aG _bRaz-Plus |
||
| 650 | 1 |
_aCats _xFiction. |
|
| 700 | 1 |
_aDunnington, Tom, _eillustrator. |
|
| 906 |
_a7 _bcbc _corignew _d1 _eocip _f19 _gy-gencatlg |
||
| 942 |
_2ddc _cBK _n0 |
||
| 999 |
_c756 _d756 |
||